[Event "CZE-chT1W 2425"]
[Site "Czech Republic"]
[Date "2025.04.06"]
[Round "11.5"]
[White "Ret, Adam Josef"]
[Black "Novotny, Michal"]
[Result "1-0"]
[WhiteElo "2086"]
[BlackElo "2210"]
[PlyCount "77"]
[EventDate "2024.10.20"]
[EventType "team-tourn"]
[EventRounds "11"]
[EventCountry "CZE"]
[SourceTitle "CB16_2025"]
[SourceDate "2025.04.16"]
[SourceVersion "1"]
[SourceVersionDate "2025.04.16"]
[SourceQuality "1"]
[WhiteTeam "Litomerice Slavoj"]
[BlackTeam "Pisek"]
[WhiteTeamCountry "CZE"]
[BlackTeamCountry "CZE"]

1. c4 c6 2. g3 Nf6 3. Bg2 d5 4. Nf3 g6 5. 0-0 Bg7 6. d4 0-0 7. cxd5 cxd5 8. Ne5 Nc6 9. Nc3 Be6 10. Nxc6 bxc6 11. Na4 Nd7 12. Bf4 h6 13. Rc1 Rc8 14. Qd2 g5 15. Be3 Bf5 16. h4 gxh4 17. Bxh6 e6 18. Bg5 f6 19. Bxh4 Kf7 20. Nc5 Rh8 21. e4 dxe4 22. Nxe4 Nb6 23. Qb4 Bxe4 24. Bxe4 Rxh4 25. gxh4 f5 26. Bxc6 Qxh4 27. Bg2 Be5 28. Rfe1 Bxd4 29. Qd2 Rg8 30. Rc7+ Kf6 31. Rc6 Nd5 32. Rexe6+ Kf7 33. Rh6 Rxg2+ 34. Kxg2 Qe4+ 35. Kf1 Nf4 36. Rc7+ Kg8 37. Rh2 Ne6 38. Rg2+ Kf8 39. Qb4+ 1-0

[Event "CZE-chT1W 2425"]
[Site "Czech Republic"]
[Date "2025.03.23"]
[Round "10.6"]
[White "Ret, Adam Josef"]
[Black "Ksana, Vaclav"]
[Result "1/2-1/2"]
[WhiteElo "2086"]
[BlackElo "2131"]
[PlyCount "78"]
[EventDate "2024.10.20"]
[EventType "team-tourn"]
[EventRounds "11"]
[EventCountry "CZE"]
[SourceTitle "CB16_2025"]
[SourceDate "2025.04.16"]
[SourceVersion "1"]
[SourceVersionDate "2025.04.16"]
[SourceQuality "1"]
[WhiteTeam "Litomerice Slavoj"]
[BlackTeam "Kolesovice Cesky Lev"]
[WhiteTeamCountry "CZE"]
[BlackTeamCountry "CZE"]

1. d4 d5 2. Nf3 Nf6 3. g3 e6 4. Bg2 Be7 5. 0-0 0-0 6. c4 c6 7. Qc2 Nbd7 8. Nbd2 b6 9. e4 dxe4 10. Nxe4 Nxe4 11. Qxe4 Bb7 12. Rd1 Nf6 13. Qe2 Qc7 14. Bf4 Bd6 15. Bxd6 Qxd6 16. Ne5 Rab8 17. Rd2 c5 18. Bxb7 Rxb7 19. Rad1 cxd4 20. Rxd4 Qc5 21. b3 Rc7 22. Rd8 Rc8 23. R8d4 h6 24. h3 Qa5 25. Nd7 Nxd7 26. Rxd7 Rc5 27. Qd2 Rf5 28. Qxa5 Rxa5 29. a4 Ra8 30. Rb7 Rf5 31. Kg2 e5 32. Rdd7 e4 33. Rxa7 Rxa7 34. Rxa7 Rf3 35. Ra8+ Kh7 36. Rb8 Rxb3 37. a5 Rb4 38. axb6 Rxc4 39. b7 Rb4 1/2-1/2

[Event "CZE-chT1W 2425"]
[Site "Czech Republic"]
[Date "2025.02.16"]
[Round "8.7"]
[White "Filipi, Stepan"]
[Black "Ret, Adam Josef"]
[Result "1-0"]
[WhiteElo "2153"]
[BlackElo "2086"]
[PlyCount "72"]
[EventDate "2024.10.20"]
[EventType "team-tourn"]
[EventRounds "11"]
[EventCountry "CZE"]
[SourceTitle "CB16_2025"]
[SourceDate "2025.04.16"]
[SourceVersion "1"]
[SourceVersionDate "2025.04.16"]
[SourceQuality "1"]
[WhiteTeam "Vysehrad"]
[BlackTeam "Litomerice Slavoj"]
[WhiteTeamCountry "CZE"]
[BlackTeamCountry "CZE"]

1. e4 c5 2. Nf3 Nc6 3. d4 cxd4 4. Nxd4 Nf6 5. Nc3 e5 6. Ndb5 d6 7. Bg5 a6 8. Na3 b5 9. Bxf6 gxf6 10. Nd5 Bg7 11. g3 f5 12. Bg2 0-0 13. exf5 Bxf5 14. Ne3 Ne7 15. Nxf5 Nxf5 16. Qh5 b4 17. Nc4 Rc8 18. Qxf5 Rxc4 19. Be4 Re8 20. Rd1 Re6 21. Qxh7+ Kf8 22. Bd5 Rh6 23. Qd3 Rd4 24. Qxa6 e4 25. 0-0 Rxd1 26. Rxd1 Bxb2 27. Qb7 Qf6 28. Qc8+ Kg7 29. Qg4+ Kf8 30. Qxe4 Bc3 31. Rd3 Qg5 32. h4 Qc1+ 33. Kg2 Qxc2 34. Bxf7 Kg7 35. Bb3 Qxb3 36. axb3 Kf7 1-0

[Event "CZE-chT1W 2425"]
[Site "Czech Republic"]
[Date "2025.02.02"]
[Round "7.4"]
[White "Fajman, Petr"]
[Black "Ret, Adam Josef"]
[Result "1/2-1/2"]
[WhiteElo "2089"]
[BlackElo "2086"]
[PlyCount "93"]
[EventDate "2024.10.20"]
[EventType "team-tourn"]
[EventRounds "11"]
[EventCountry "CZE"]
[SourceTitle "CB16_2025"]
[SourceDate "2025.04.16"]
[SourceVersion "1"]
[SourceVersionDate "2025.04.16"]
[SourceQuality "1"]
[WhiteTeam "Neratovice"]
[BlackTeam "Litomerice Slavoj"]
[WhiteTeamCountry "CZE"]
[BlackTeamCountry "CZE"]

1. c4 e5 2. Nc3 Nf6 3. d3 d5 4. cxd5 Nxd5 5. Nf3 Nc6 6. Bg5 Be7 7. Bxe7 Ndxe7 8. e3 0-0 9. Be2 h6 10. 0-0 f5 11. b4 Qd6 12. b5 Nd8 13. Rc1 Ne6 14. Qb3 Kh7 15. Nd2 Nc5 16. Qc2 Rd8 17. Nc4 Qf6 18. Rfd1 Be6 19. Nb1 Bxc4 20. Qxc4 Ne6 21. Nd2 Rd7 22. Nb3 Rad8 23. Nc5 Nxc5 24. Qxc5 c6 25. Qxa7 cxb5 26. Qc5 Rd5 27. Qc3 Nc6 28. Qb3 Qd6 29. g3 b4 30. Qc2 g6 31. Bf3 Rxd3 32. Rxd3 Qxd3 33. Qxd3 Rxd3 34. Bxc6 bxc6 35. Rxc6 Rd2 36. Rc7+ Kg8 37. Rb7 Rb2 38. h4 h5 39. Kf1 e4 40. Kg2 Kf8 41. Ra7 Ke8 42. a4 Ra2 43. a5 b3 44. Rb7 Rxa5 45. Rxb3 Ra2 46. Rb7 Kf8 47. Rc7 1/2-1/2

[Event "CZE-chT1W 2425"]
[Site "Czech Republic"]
[Date "2025.01.19"]
[Round "6.7"]
[White "Hajiyev, Kanan"]
[Black "Ret, Adam Josef"]
[Result "1-0"]
[WhiteElo "2109"]
[BlackElo "2086"]
[PlyCount "95"]
[EventDate "2024.10.20"]
[EventType "team-tourn"]
[EventRounds "11"]
[EventCountry "CZE"]
[SourceTitle "CB16_2025"]
[SourceDate "2025.04.16"]
[SourceVersion "1"]
[SourceVersionDate "2025.04.16"]
[SourceQuality "1"]
[WhiteTeam "Praha Dopravni Podnik"]
[BlackTeam "Litomerice Slavoj"]
[WhiteTeamCountry "CZE"]
[BlackTeamCountry "CZE"]

1. d4 d5 2. c4 e6 3. cxd5 exd5 4. Nc3 c6 5. Nf3 Bf5 6. Bg5 Be7 7. Bxe7 Qxe7 8. e3 Nf6 9. Nh4 Bg4 10. Qc2 Ne4 11. Nf3 Nd7 12. Nxe4 dxe4 13. Nd2 Nf6 14. h3 Be6 15. Bc4 Bxc4 16. Qxc4 0-0 17. Rc1 Nd5 18. a3 Qg5 19. Qf1 f5 20. h4 Qh6 21. g3 Nxe3 22. fxe3 Qxe3+ 23. Qe2 Qxg3+ 24. Qf2 Qc7 25. 0-0 Rae8 26. Rce1 Rf6 27. Nf3 f4 28. Ne5 e3 29. Qh2 Ref8 30. Kh1 Qd6 31. Nf3 Qd5 32. Re2 Rg6 33. Rg2 e2 34. Rxe2 Rg3 35. Qf2 Rf6 36. Re8+ Kf7 37. Re5 Qd7 38. Ng5+ Kg8 39. Qe2 Rf8 40. Qe4 g6 41. Rxf4 Rxf4 42. Qxf4 Rg4 43. Re8+ Qxe8 44. Qxg4 Qe1+ 45. Kg2 Qd2+ 46. Kh3 Qd3+ 47. Qf3 Qc4 48. b3 1-0

[Event "CZE-chT1W 2425"]
[Site "Czech Republic"]
[Date "2024.12.08"]
[Round "4.7"]
[White "Vojta, Tomas"]
[Black "Ret, Adam Josef"]
[Result "1-0"]
[WhiteElo "2324"]
[BlackElo "2086"]
[PlyCount "151"]
[EventDate "2024.10.20"]
[EventType "team-tourn"]
[EventRounds "11"]
[EventCountry "CZE"]
[SourceTitle "CB16_2025"]
[SourceDate "2025.04.16"]
[SourceVersion "1"]
[SourceVersionDate "2025.04.16"]
[SourceQuality "1"]
[WhiteTeam "Vlasim Spartak"]
[BlackTeam "Litomerice Slavoj"]
[WhiteTeamCountry "CZE"]
[BlackTeamCountry "CZE"]

1. e4 c5 2. f4 d5 3. exd5 Nf6 4. Nf3 Nxd5 5. Nc3 Nxc3 6. bxc3 g6 7. Rb1 Bg7 8. Bb5+ Nd7 9. Qe2 0-0 10. 0-0 Nb6 11. Ba3 Qc7 12. Ne5 Be6 13. Bd3 Bxa2 14. Rb5 Be6 15. Rxc5 Qd6 16. Ra5 Qc7 17. Rb5 a6 18. Rbb1 Na4 19. Kh1 b5 20. Be4 Rac8 21. Qf2 Nc5 22. Bf3 Nb7 23. Qa7 Nc5 24. Qxc7 Rxc7 25. Nc6 Na4 26. Nxe7+ Kh8 27. Nd5 Bxd5 28. Bxf8 Bxf8 29. Bxd5 Rd7 30. c4 Nb6 31. d3 Nxd5 32. cxd5 Rxd5 33. Rfe1 Bd6 34. Re8+ Kg7 35. Ra8 Bxf4 36. Rxa6 Rc5 37. g3 Bd2 38. Ra2 b4 39. Rf1 Rc7 40. Rf2 Bc3 41. Re2 h5 42. Kg2 Rb7 43. Ra8 Bf6 44. Kf3 Rd7 45. Rb8 Bc3 46. Re4 Ra7 47. Rc8 g5 48. g4 hxg4+ 49. Kxg4 Ra2 50. Kf3 f5 51. Rc7+ Kf6 52. Rc6+ Kf7 53. Re2 Ra1 54. Rce6 Bf6 55. Re1 Ra2 56. R6e2 Ra7 57. h3 Bc3 58. Rf1 Ra2 59. Ke3 Kf6 60. d4 Ra5 61. Rd1 Rd5 62. Rd3 Kg6 63. Kf3 Rxd4 64. Rxd4 Bxd4 65. Re7 Bc3 66. Rb7 Kh5 67. Rb5 Kg6 68. Ke3 Be1 69. Rb6+ Kh5 70. Rf6 Kh4 71. Rxf5 Bg3 72. Kf3 Be1 73. Rb5 Kxh3 74. Rxg5 Kh4 75. Rg8 Bc3 76. Ke4 1-0

[Event "CZE-chT1W 2425"]
[Site "Czech Republic"]
[Date "2024.11.24"]
[Round "3.6"]
[White "Lajbl, Jan"]
[Black "Ret, Adam Josef"]
[Result "1/2-1/2"]
[WhiteElo "2218"]
[BlackElo "2086"]
[PlyCount "43"]
[EventDate "2024.10.20"]
[EventType "team-tourn"]
[EventRounds "11"]
[EventCountry "CZE"]
[SourceTitle "CB16_2025"]
[SourceDate "2025.04.16"]
[SourceVersion "1"]
[SourceVersionDate "2025.04.16"]
[SourceQuality "1"]
[WhiteTeam "Ricany Kobex"]
[BlackTeam "Litomerice Slavoj"]
[WhiteTeamCountry "CZE"]
[BlackTeamCountry "CZE"]

1. d4 d5 2. Nf3 Nf6 3. g3 g6 4. Bg2 Bg7 5. 0-0 0-0 6. c4 c6 7. Qb3 Qb6 8. Nc3 Rd8 9. Qa4 Bf5 10. cxd5 cxd5 11. Ne5 Nc6 12. Nxc6 bxc6 13. b3 Ne4 14. Nxe4 Bxd4 15. Rb1 dxe4 16. e3 Bf6 17. Bxe4 Bh3 18. Bg2 Bf5 19. e4 Rd4 20. Be3 Rxa4 21. Bxb6 Rxa2 22. Bxa7 1/2-1/2

[Event "Pardubice rapid op 35th"]
[Site "Pardubice"]
[Date "2024.07.18"]
[Round "7"]
[White "Dostal, Radim"]
[Black "Ret, Adam Josef"]
[Result "1/2-1/2"]
[WhiteElo "1961"]
[BlackElo "2085"]
[PlyCount "44"]
[EventDate "2024.07.17"]
[EventType "swiss (rapid)"]
[EventRounds "9"]
[EventCountry "CZE"]
[SourceTitle "CBM 221 Extra"]
[Source "ChessBase"]
[SourceDate "2024.09.30"]
[SourceVersion "1"]
[SourceVersionDate "2024.09.30"]
[SourceQuality "1"]

1. e4 c5 2. Nf3 Nc6 3. Nc3 e5 4. Bc4 Be7 5. d3 d6 6. 0-0 Nf6 7. Ng5 0-0 8. f4 h6 9. Nf3 a6 10. a4 exf4 11. Bxf4 Ng4 12. Bb3 Bf6 13. Nd5 Bxb2 14. Rb1 Bd4+ 15. Nxd4 Nxd4 16. Nb6 Ra7 17. Nxc8 Qxc8 18. Bxd6 Nxb3 19. Rxb3 Ne3 20. Qe2 Nxf1 21. Bxf8 Qxf8 22. Qxf1 Qd8 1/2-1/2

[Event "Pardubice rapid op 35th"]
[Site "Pardubice"]
[Date "2024.07.17"]
[Round "3"]
[White "Sladek, Vladislav"]
[Black "Ret, Adam Josef"]
[Result "1/2-1/2"]
[WhiteElo "1910"]
[BlackElo "2085"]
[PlyCount "62"]
[EventDate "2024.07.17"]
[EventType "swiss (rapid)"]
[EventRounds "9"]
[EventCountry "CZE"]
[SourceTitle "CBM 221 Extra"]
[Source "ChessBase"]
[SourceDate "2024.09.30"]
[SourceVersion "1"]
[SourceVersionDate "2024.09.30"]
[SourceQuality "1"]

1. e4 c5 2. d4 cxd4 3. c3 Nf6 4. e5 Nd5 5. cxd4 d6 6. Nf3 Nc6 7. Be2 Bf5 8. 0-0 e6 9. Nc3 Nxc3 10. bxc3 dxe5 11. Nxe5 Bd6 12. f4 0-0 13. Bd3 Bxd3 14. Qxd3 Nxe5 15. fxe5 Bxe5 16. Qe4 Bf6 17. Qg4 g6 18. Rb1 b6 19. Rb2 Rc8 20. Rbf2 Bg7 21. Rf3 Rxc3 22. Rxc3 Qxd4+ 23. Qxd4 Bxd4+ 24. Re3 Rc8 25. Kf2 Rc2+ 26. Kf3 Bxe3 27. Bxe3 Rxa2 28. Bh6 Ra3+ 29. Kf2 Ra2+ 30. Kf3 Ra3+ 31. Kf2 Ra2+ 1/2-1/2

[Event "Pardubice Czech op-E 35th"]
[Site "Pardubice"]
[Date "2024.07.12"]
[Round "2.1"]
[White "Ret, Adam Josef"]
[Black "Vitak, Jiri"]
[Result "0-1"]
[WhiteElo "2085"]
[BlackElo "2280"]
[PlyCount "94"]
[EventDate "2024.07.11"]
[EventType "team-swiss"]
[EventRounds "7"]
[EventCountry "CZE"]
[SourceTitle "CBM 221 Extra"]
[Source "ChessBase"]
[SourceDate "2024.09.30"]
[SourceVersion "1"]
[SourceVersionDate "2024.09.30"]
[SourceQuality "1"]
[WhiteTeam "Praha Oaza II"]
[BlackTeam "Turnov Zikuda II"]
[WhiteTeamCountry "CZE"]
[BlackTeamCountry "CZE"]

1. c4 e5 2. g3 Nc6 3. Bg2 f5 4. Nc3 Nf6 5. e3 Nb4 6. d3 c5 7. a3 Nc6 8. Nge2 Be7 9. d4 d6 10. dxc5 dxc5 11. Nd5 e4 12. h4 Nxd5 13. cxd5 Ne5 14. Nf4 0-0 15. Bd2 c4 16. Bc3 Nd3+ 17. Nxd3 cxd3 18. Qb3 Bd6 19. 0-0-0 Qe7 20. h5 h6 21. Rhf1 b5 22. f3 a5 23. fxe4 b4 24. axb4 axb4 25. Bd4 fxe4 26. Rxf8+ Kxf8 27. Rf1+ Kg8 28. Kd2 Bg4 29. Rf4 Bxf4 30. d6+ Qf7 31. Qxf7+ Kxf7 32. Bxe4 Bxg3 33. Bxa8 Bxd6 34. Bd5+ Kf8 35. Kxd3 Bxh5 36. e4 g5 37. e5 Be7 38. Be3 Bf7 39. e6 Bh5 40. Bd4 Bg4 41. Ke4 h5 42. Be5 h4 43. b3 Bh3 44. Kf3 g4+ 45. Ke2 g3 46. Kf3 Bc5 47. Kf4 g2 0-1

[Event "CZE-chT1W 2324"]
[Site "Czech Republic"]
[Date "2024.03.03"]
[Round "9.3"]
[White "Ret, Adam Josef"]
[Black "Hrabusa, Matej"]
[Result "0-1"]
[WhiteElo "2072"]
[BlackElo "2347"]
[PlyCount "64"]
[EventDate "2023.10.29"]
[EventType "team-tourn"]
[EventRounds "11"]
[EventCountry "CZE"]
[SourceTitle "EXT 2025"]
[Source "ChessBase"]
[SourceDate "2024.10.14"]
[SourceVersion "1"]
[SourceVersionDate "2024.10.14"]
[SourceQuality "1"]
[WhiteTeam "Praha Oaza II"]
[BlackTeam "Praha DP EA Hotels"]
[WhiteTeamCountry "CZE"]
[BlackTeamCountry "CZE"]

1. c4 Nf6 2. g3 c6 3. Bg2 d5 4. Nf3 dxc4 5. Qc2 b5 6. a4 Bb7 7. Nc3 a6 8. Ne5 Qc7 9. d4 c5 10. Bxb7 Qxb7 11. d5 b4 12. Nd1 e6 13. Qxc4 exd5 14. Qh4 Bd6 15. Bh6 Bxe5 16. Bxg7 Nfd7 17. Bxh8 Bxh8 18. Qxh7 Bf6 19. h4 Nc6 20. h5 Nd4 21. h6 Nf8 22. Qd3 c4 23. Qe3+ Nfe6 24. Rc1 0-0-0 25. h7 Bh8 26. Kf1 Kb8 27. Rh5 Nb3 28. Rc2 Ned4 29. Qf4+ Qc7 30. Ne3 Qxf4 31. gxf4 a5 32. Rg5 Nxc2 0-1

[Event "CZE-chT1W 2324"]
[Site "Czech Republic"]
[Date "2024.01.07"]
[Round "5.3"]
[White "Ret, Adam Josef"]
[Black "Toman, Ondrej"]
[Result "1/2-1/2"]
[WhiteElo "2072"]
[BlackElo "2283"]
[PlyCount "112"]
[EventDate "2023.10.29"]
[EventType "team-tourn"]
[EventRounds "11"]
[EventCountry "CZE"]
[SourceTitle "EXT 2025"]
[Source "ChessBase"]
[SourceDate "2024.10.14"]
[SourceVersion "1"]
[SourceVersionDate "2024.10.14"]
[SourceQuality "1"]
[WhiteTeam "Praha Oaza II"]
[BlackTeam "Litomerice Slavoj"]
[WhiteTeamCountry "CZE"]
[BlackTeamCountry "CZE"]

1. c4 c6 2. d4 d5 3. cxd5 cxd5 4. Bf4 Nc6 5. Nc3 e5 6. dxe5 d4 7. Ne4 Qa5+ 8. Nd2 Nge7 9. a3 Ng6 10. b4 Qd5 11. e4 dxe3 12. Bxe3 Ngxe5 13. Nc4 Qe6 14. Nxe5 Nxe5 15. Bb5+ Bd7 16. Qe2 Be7 17. Rd1 0-0 18. Bxd7 Nxd7 19. Nf3 a5 20. 0-0 Nf6 21. Qb5 axb4 22. axb4 Qc6 23. Qxc6 bxc6 24. Ne5 Rfc8 25. Rc1 Bxb4 26. Rxc6 Nd5 27. Bd4 Nf4 28. Be3 Ne6 29. Rxc8+ Rxc8 30. Rc1 Ra8 31. g3 Bd6 32. Nc4 Bc7 33. Bb6 Bd8 34. Bxd8 Rxd8 35. Ne3 h5 36. h4 g6 37. Kg2 Kg7 38. Rd1 Ra8 39. Rd2 Ra1 40. Nc4 Ra7 41. Rd5 Kf6 42. Nd2 Ng7 43. Ne4+ Ke7 44. Re5+ Kf8 45. Nf6 Nf5 46. Re2 Ra6 47. Nh7+ Kg7 48. Ng5 Ra7 49. Rb2 Re7 50. Ra2 Nh6 51. Rb2 Ng4 52. Ra2 Kh6 53. Rb2 f6 54. Nh3 Re6 55. Nf4 Rd6 56. Re2 Ne5 1/2-1/2

[Event "CZE-chT2C 2122"]
[Site "Czech Republic"]
[Date "2022.04.03"]
[Round "11.4"]
[White "Ret, Adam Josef"]
[Black "Cakl, Zdenek"]
[Result "1/2-1/2"]
[WhiteElo "2058"]
[BlackElo "2080"]
[PlyCount "46"]
[EventDate "2021.10.17"]
[EventType "team-tourn"]
[EventRounds "11"]
[EventCountry "CZE"]
[SourceTitle "EXT 2025"]
[Source "ChessBase"]
[SourceDate "2024.10.14"]
[SourceVersion "1"]
[SourceVersionDate "2024.10.14"]
[SourceQuality "1"]
[WhiteTeam "Jicin AD"]
[BlackTeam "Liberec Desko"]
[WhiteTeamCountry "CZE"]
[BlackTeamCountry "CZE"]

1. d4 d5 2. c4 e6 3. Nc3 Be7 4. Nf3 Nf6 5. cxd5 exd5 6. Bg5 h6 7. Bh4 c6 8. e3 Bf5 9. Qb3 g5 10. Bg3 Qb6 11. Nd2 Nbd7 12. Be2 0-0 13. 0-0 Bg6 14. h3 Nh5 15. Bh2 Qxb3 16. Nxb3 a5 17. a4 f5 18. Bd3 Kh7 19. g4 fxg4 20. Bxg6+ Kxg6 21. hxg4 Nhf6 22. f3 Nb6 23. Nd2 Bb4 1/2-1/2

[Event "CZE-chT2C 2122"]
[Site "Czech Republic"]
[Date "2022.02.27"]
[Round "9.4"]
[White "Ret, Adam Josef"]
[Black "Brezmen, Pavel"]
[Result "1-0"]
[WhiteElo "2058"]
[BlackElo "2071"]
[PlyCount "77"]
[EventDate "2021.10.17"]
[EventType "team-tourn"]
[EventRounds "11"]
[EventCountry "CZE"]
[SourceTitle "EXT 2025"]
[Source "ChessBase"]
[SourceDate "2024.10.14"]
[SourceVersion "1"]
[SourceVersionDate "2024.10.14"]
[SourceQuality "1"]
[WhiteTeam "Jicin AD"]
[BlackTeam "Nymburk"]
[WhiteTeamCountry "CZE"]
[BlackTeamCountry "CZE"]

1. d4 Nf6 2. Nf3 e6 3. c4 d5 4. cxd5 exd5 5. Bg5 Be7 6. Nc3 h6 7. Bh4 c6 8. Qc2 0-0 9. e3 Be6 10. Bd3 Nbd7 11. 0-0 Nh5 12. Bxe7 Qxe7 13. Rfb1 f5 14. b4 g5 15. b5 c5 16. dxc5 Nxc5 17. Nd4 Nxd3 18. Qxd3 Rad8 19. a4 Qf6 20. Rd1 Bc8 21. Qe2 Qf7 22. Nc2 f4 23. Rxd5 fxe3 24. fxe3 Nf4 25. exf4 Rxd5 26. Nxd5 Qxd5 27. fxg5 Qc5+ 28. Ne3 hxg5 29. Qc4+ Qxc4 30. Nxc4 Be6 31. Nd6 b6 32. a5 Rd8 33. Ne4 Bc4 34. axb6 axb6 35. Nxg5 Bxb5 36. Rb1 Rd5 37. Ne6 Rf5 38. Nd4 Bd3 39. Rd1 1-0